| 000 | 00731nam a2200229 4500 | ||
|---|---|---|---|
| 001 | 01466 | ||
| 003 | DO-SdBNP | ||
| 005 | 20160602110901.0 | ||
| 007 | 01466 | ||
| 008 | 160602b 1992 mx |||| 00| 0 spa d | ||
| 020 | _a9688803073 | ||
| 040 |
_aBPMSU _bspa _cBPMSU |
||
| 100 |
_a _d Case, Karl E. |
||
| 245 |
_a Fundamentos de economía / _b _c Karl E. Case, Ray C. Fair Mays ; traducciión Pilar Mascaró Sacristán ; revisión técnica Mario Rodarte Esquivel. |
||
| 260 |
_aMéxico : _bPrentice Hall Hispanoamericana, _c1992 |
||
| 300 |
_a1086 (18), p. : _c28 cm. |
||
| 500 | _a | ||
| 700 |
_aHirsh, Evan _d1956- _e |
||
| 700 |
_a Cárdenas, Margarita _etr. |
||
| 942 |
_2ddc _cBK |
||
| 956 |
_aVMATEO _b10 _c20160602 _dBPMSU _f0069 |
||
| 999 |
_c10262 _d10262 |
||